[Event "Belem op 1st"]
[Site "Belem"]
[Date "2024.04.13"]
[Round "3"]
[White "Pereira Fo, Hildebrando Apolon"]
[Black "Ikeda, Heitor Walber Perei"]
[Result "1-0"]
[WhiteElo "1702"]
[BlackElo "1800"]
[PlyCount "45"]
[EventDate "2024.04.13"]
[EventType "swiss"]
[EventRounds "6"]
[EventCountry "BRA"]
[SourceTitle "CB18_2024"]
[SourceDate "2024.05.01"]
[SourceVersion "1"]
[SourceVersionDate "2024.05.01"]
[SourceQuality "2"]

1. c4 e6 2. Nf3 d5 3. d4 dxc4 4. e4 Bb4+ 5. Nc3 Bxc3+ 6. bxc3 Nf6 7. Bg5 h6 8. Bxf6 gxf6 9. Bxc4 f5 10. exf5 exf5 11. Ne5 Be6 12. Qd2 Nc6 13. Nxc6 bxc6 14. Bxe6 fxe6 15. Qe3 Qe7 16. Qf3 Kf7 17. Qxc6 Rag8 18. 0-0 Rg7 19. Rfe1 Rhg8 20. Re2 Qg5 21. Rae1 h5 22. Qxe6+ Kf8 23. Qe8# 1-0